000 00840nam a22003370a 4500
001 PT48067
003 AR-LpoUNG
005 20210131231218.0
008 191001s1985||||ag |||||||||||||||||spa d
020 _a9506000786
_c$6.66
040 _aAR-LpoUNG
_bspa
_cAR-LpoUNG
_eaacr
041 _aspa
044 _aag
082 0 _a982.062 574per
100 1 _aSigal, Silvia
245 1 0 _aPerón o muerte :
_blos fundamentos discursivos del fenómeno peronista
250 _a1§ ed.
260 _aBuenos Aires :
_bLegasa,
_c1985.
300 _a243 p. :
_bfot.
650 4 _aARGENTINA
650 4 _aASPECTOS POLITICOS
650 4 _aEJERCITO
650 4 _aESTADO
650 4 _aIDEOLOGIAS
650 4 _aJUVENTUD
650 4 _aTRABAJADORES
653 _aPERONISMO
700 1 _aVerón, Eliseo
905 _a48067
942 _cLIB
999 _c8686
_d8686